00556nam a22001812 4500001001100000005001700011008004100028020000600069040001500075100003000090245006600120250001300186260003200199300001200231650006200243651006600305852000300371000000960520151217155841.0081112s xx 000 0 eng d c$ aKABUcKABU1 aWilson, C. J.@000016132814aThe Story of the East African Mounted Rifles /cC. J. Wilson. a1st ed. aNairobi :bE. A. S.,c1938. a136 p. 0aWorld War 1914-1918xCampaignszAfrica, East.@0000148801 0aGreat BritainxArmyxEast African Mounted Rifles.@00001613291